Data Structures Through C++ (Record no. 27770)

MARC details
000 -LEADER
fixed length control field 00335nam a22001337a 4500
003 - CONTROL NUMBER IDENTIFIER
control field OSt
005 - DATE AND TIME OF LATEST TRANSACTION
control field 20241007164557.0
008 - FIXED-LENGTH DATA ELEMENTS--GENERAL INFORMATION
fixed length control field 241007b |||||||| |||| 00| 0 eng d
020 ## - INTERNATIONAL STANDARD BOOK NUMBER
International Standard Book Number 9788184874884
100 ## - MAIN ENTRY--PERSONAL NAME
Personal name G. Dileep Kumar and Manoj Kumar Singh
245 ## - TITLE STATEMENT
Title Data Structures Through C++
942 ## - ADDED ENTRY ELEMENTS (KOHA)
Source of classification or shelving scheme Dewey Decimal Classification
Koha item type Donated Books
950 ## - LOCAL HOLDINGS (RLIN)
Classification number, LCAL (RLIN) 005.133
Book number/undivided call number, LCAL (RLIN) K96D
Holdings
Withdrawn status Lost status Source of classification or shelving scheme Damaged status Not for loan Collection code Home library Current library Date acquired Total Checkouts Full call number Barcode Date last seen Date checked out Price effective from Koha item type
    Dewey Decimal Classification     General Text Book Central University Of Rajasthan Central University Of Rajasthan 07/10/2024 3 005.133 K96D 39868 10/12/2024 05/12/2024 07/10/2024 Donated Books
    Dewey Decimal Classification     General Text Book Central University Of Rajasthan Central University Of Rajasthan 07/10/2024 7 005.133 K96D 39869 02/06/2025 02/06/2025 07/10/2024 Donated Books
    Dewey Decimal Classification     General Text Book Central University Of Rajasthan Central University Of Rajasthan 07/10/2024 7 005.133 K96D 39870 20/05/2025 17/04/2025 07/10/2024 Donated Books
    Dewey Decimal Classification     General Text Book Central University Of Rajasthan Central University Of Rajasthan 07/10/2024 4 005.133 K96D 39871 17/03/2025 06/03/2025 07/10/2024 Donated Books
    Dewey Decimal Classification   Not For Loan Reserve Text Book Central University Of Rajasthan Central University Of Rajasthan 07/10/2024   005.133 K96D 39872 07/10/2024   07/10/2024 Donated Books